The UK commercial property lending market 1999 (Record no. 100580)

MARC details
000 -LEADER
fixed length control field 00965cam a2200301 4500
001 - CONTROL NUMBER
control field J61643
008 - FIXED-LENGTH DATA ELEMENTS--GENERAL INFORMATION
fixed length control field 000000n1999 000 0 eng u
035 ## - SYSTEM CONTROL NUMBER
System control number (Sirsi) u106571
050 ## - LIBRARY OF CONGRESS CALL NUMBER
Classification number 332.6324
100 ## - MAIN ENTRY--PERSONAL NAME
Personal name Maxted, Bill
110 ## - MAIN ENTRY--CORPORATE NAME
Corporate name or jurisdiction name as entry element De Montfort University
9 (RLIN) 2410
245 #4 - TITLE STATEMENT
Title The UK commercial property lending market 1999
260 ## - PUBLICATION, DISTRIBUTION, ETC.
Place of publication, distribution, etc. Leicester
Name of publisher, distributor, etc. DeMontfort University
Date of publication, distribution, etc. 1999
300 ## - PHYSICAL DESCRIPTION
Extent 2v.
Dimensions 30cm.
490 ## - SERIES STATEMENT
Series statement De Montfort University UK Commercial Property Lending Market
Volume/sequential designation 1999
500 ## - GENERAL NOTE
General note Published in two parts - Research findings and Technical supplement : analysis of lending terms.
650 ## - SUBJECT ADDED ENTRY--TOPICAL TERM
Topical term or geographic name entry element PROPERTY MARKET
650 ## - SUBJECT ADDED ENTRY--TOPICAL TERM
Topical term or geographic name entry element STATISTICS
650 ## - SUBJECT ADDED ENTRY--TOPICAL TERM
Topical term or geographic name entry element LENDING
650 ## - SUBJECT ADDED ENTRY--TOPICAL TERM
Topical term or geographic name entry element INVESTMENT
650 ## - SUBJECT ADDED ENTRY--TOPICAL TERM
Topical term or geographic name entry element BUILDING SOCIETIES
650 ## - SUBJECT ADDED ENTRY--TOPICAL TERM
Topical term or geographic name entry element BANKS
650 ## - SUBJECT ADDED ENTRY--TOPICAL TERM
Topical term or geographic name entry element LOAN TO VALUE RATIOS
650 ## - SUBJECT ADDED ENTRY--TOPICAL TERM
Topical term or geographic name entry element FINANCE
690 ## - LOCAL SUBJECT ADDED ENTRY--TOPICAL TERM (OCLC, RLIN)
Topical term or geographic name as entry element PROPERTY-COMMERCIAL PROPERTY-COMMERCIAL PROPERTY FINANCE AND INVESTMENT
700 ## - ADDED ENTRY--PERSONAL NAME
Personal name Hancock, Mike
942 ## - ADDED ENTRY ELEMENTS (KOHA)
Suppress in OPAC 0
Holdings
Withdrawn status Lost status Source of classification or shelving scheme Damaged status Not for loan Home library Current library Shelving location Date acquired Total Checkouts Full call number Barcode Date last seen Copy number Price effective from Koha item type
    Dewey Decimal Classification     London London Basement 24/07/2002   SHELF 302 30061437 06/08/2019 1 06/08/2019 Reference material
    Dewey Decimal Classification     London London Basement 22/06/2000   SHELF 302 30061436 06/08/2019 2 06/08/2019 Book